| 000 | 00493nam a2200157Ia 4500 | ||
|---|---|---|---|
| 005 | 20250429164552.0 | ||
| 008 | 231217s9999 xx 000 0 und d | ||
| 020 | _a978073560666 | ||
| 082 | _a004.36 PLA;1 R | ||
| 100 | _aPlatt, David S. | ||
| 245 | 0 | _aUnderstanding com+ : the architecture for enterprise development using microsoft technologies | |
| 260 |
_c1999 _bMicrosoft Press _aUSA |
||
| 300 | _axiv+235 | ||
| 650 | _aUnderstanding,com+,architecture,using,microsoft | ||
| 942 | _cAA | ||
| 999 |
_c182611 _d182611 |
||